000 00468nam a2200157 a 4500
001 000046377
005 20201002052828.0
008 150806s1990 dr 000 0 spa d
040 _aDO-SdBNP
_bspa
_cBNPHU
082 _axxxxxxxx
_bxxxxxxxx
100 1 _aRodríguez, José
_923002
245 1 0 _aAbono organico :
_bimportancia y uso /
_cJosé Rodríguez.
260 _aSanto Domingo :
_bEdeco,
_c1990.
300 _a28 p. : ;
_c21 cm.
504 _aBibliografías : p. 27-28
999 _c45866
_d45866